LEADER 01475nam 2200397 450 001 000014903 005 20050718115600.0 100 $a20030709d1970----km-y0itay0103----ba 101 0 $afre 102 $aDE 200 1 $aNombres de Pisot, nombres de Salem et analyse harmonique$ecours Peccot donné au Collège de France en avril-mai 1969$fYves Meyer 210 $aBerlin [etc.]$cSpringer$d1970 215 $a62 p.$d26 cm. 225 2 $aLecture notes in mathematics$v117 410 0$12001$aLecture notes in mathematics 606 $aSerie di Fourier 606 $aAnalisi matematica 676 $a515.2433$v(21. ed.)$9Analisi di Fourier e analisi in serie di funzioni 691 $a42-XX$9Fourier analysis 691 $a43-XX$9Abstract harmonic analysis 700 1$aMeyer,$bYves$041129 801 0$aIT$bUniversità della Basilicata - B.I.A.$gRICA$2unimarc 912 $a000014903 996 $aNombres de Pisot, nombres de Salem et analyse harmonique$980385 997 $aUNIBAS BAS $aMONSCI BAS $aSCIENZE CAT $aEXT002$b01$c20030709$lBAS01$h1241 CAT $aEXT002$b01$c20030709$lBAS01$h1242 CAT $c20050601$lBAS01$h1755 CAT $abatch$b01$c20050718$lBAS01$h1052 CAT $c20050718$lBAS01$h1111 CAT $c20050718$lBAS01$h1141 CAT $c20050718$lBAS01$h1156 FMT Z30 -1$lBAS01$LBAS01$mBOOK$1BASA2$APolo Tecnico-Scientifico$2GEN$BCollezione generale$3MAT$61923$5S1923$820030709$f51$FRiservati